ბათუმის შოთა რუსთაველის სახელმწიფო უნივერსიტეტის ბიბლიოთეკა

შაჰნამე / (ბიბ.ჩანაწერი № 56720)

000 -ლიდერი
ფიქსირებული სიგრძის საკონტროლო ველი 00993nam a22002057a 4500
003 - საკონტროლო ნომრის იდენტიფიკატორი
საკონტროლო ველი Ge_BSU
005 - ბოლო ოპერაციის თარიღი და დრო
საკონტროლო ველი 20200327170823.0
008 - ფიქსირებული სიგრძის მონაცემთა ელემენტები - ზოგადი ინფორმაცია
ფიქსირებული სიგრძის საკონტროლო ველი 181219rgeo 2011xxu||||| |||| 00| 0 geo d
020 ## - წიგნის საერთაშორისო სტანდარტული ნომერი
International Standard Book Number 9789941436000
041 ## - ენის კოდი
Language code of text/sound track or separate title geo
080 ## - უნივერსალური ათობითი კლასიფიკაციის ინდექსი
Universal Decimal Classification number 821.22.1-13+821.222.1.03 ფ-63
100 ## - მთავარი ჩანაწერი - პიროვნების სახელი
Personal name ფირდოუსი, აბულყასემ.
9 (RLIN) 105
245 ## - ცნობა სათაურის შესახებ
Title შაჰნამე /
Statement of responsibility, etc რედ. ლილი ჟორჟოლიანი ; სპარს. თარგმნა ბელა შალვაშვილმა ,მინიატურები იოსებ გაბაშვილი.
264 ## - წარმოების, გამოცემის, დისტრიბუციის და სხვა ცნობები
გამოცემის, წარმოების, დისტრიბუციის... ადგილი თბილისი :
გამოცემის, წარმოების, დისტრიბუციის... სახელწოდება ნეკერი,
გამოცემის, წარმოების, დისტრიბუციის... თარიღი 2011.
300 ## - ფიზიკური აღწერა
Extent 300 გვ.;
Dimensions ილ.
653 ## - INDEX TERM--UNCONTROLLED
Uncontrolled term სპარსული ლიტერატურა
700 ## - ADDED ENTRY--PERSONAL NAME
Personal name ჟორჟოლიანი, ლილი
Relator term რედაქტორი
9 (RLIN) 7811
700 ## - ADDED ENTRY--PERSONAL NAME
Personal name შალვაშვილი, ბელა,
Relator term მთარგმნელი
9 (RLIN) 7812
942 ## - ADDED ENTRY ELEMENTS (KOHA)
Source of classification or shelving scheme
Koha item type წიგნი
ეგზემპლარები
ჩამოწერის სტატუსი დაკარგული ეგზემპლარის სტატუსი კლასიფიკაციის წყარო ან თაროზე გაწყობის სქემა დაზიანების სტატუსი არ გაიცემა მუდმივი მდებარეობა (დაცვის ადგილი) ამჟამინდელი ადგილსამყოფელი თაროზე განთავსების ადგილი შეძენის თარიღი ღირებულება, შესყიდვის ნორმალური ფასი სრული შენახვის შიფრი შტრიხკოდი ბოლო ოპერაციის თარიღი ეგზემპლარის მიმდევრობითი ნომერი (კეტერი?) ფასის ძალაში შესვლის თარიღი ეგზემპლარის სახეობა საჯარო შენიშვნა
          ბათუმის შოთა რუსთაველის სახელმწიფო უნივერსიტეტის მთავარი ბიბლიოთეკა ბათუმის შოთა რუსთაველის სახელმწიფო უნივერსიტეტის მთავარი ბიბლიოთეკა წიგნსაცავი 2018-12-19 20.00 821.22.1-13+821.222.1.03 ფ-63 59051 2018-12-19 59051 2018-12-19 წიგნი 20 ლ.